Films avec Jodie Foster par images - Statistiques

Statistiques générales
  • Ce quiz a été pris 61 fois
  • Le résultat moyen est 5 sur 20
Statistiques - réponses
Par images Réponse % Correct
Le Silence des agneaux
98%
Taxi Driver
60%
Panic Room
58%
Contact
44%
Les Accusés
32%
Flight Plan
28%
Maverick
25%
Carnage
21%
Anna et le Roi
16%
Inside Man : L’Homme de l’intérieur
16%
Le Complexe du castor
16%
Elysium
14%
Insubmersible
14%
Nell
14%
À vif
11%
Du rififi chez les mômes
9%
L'Île de Nim
9%
Sommersby
9%
Désigné coupable
5%
Hotel Artemis
0%
Aucun quiz correspondant
Distribution des résultats
% des personnes avec chaque résultat
Percentile par nombre de réponses
Votre historique - résultats
Vous n’avez pas pris ce quiz